Statistics for Every City and CDP in Snohomish County

Click here to take the quiz!

General Stats

  • This quiz has been taken 5 times
  • The average score is 20 of 65

Answer Stats

PopulationTypeAnswer% Correct
42,670CityEdmonds
100%
110,576CityEverett
100%
45,053CityLynnwood
100%
71,647CityMarysville
100%
20,410CityMonroe
100%
20,774CityMukilteo
100%
10,096CitySnohomish
100%
37,376CityLake Stevens
80%
21,948CityMill Creek
80%
2,373CityGold Bar
60%
9,883CityStanwood
60%
549CDPStartup
60%
6,644CitySultan
60%
10,359CDPAlderwood Manor
40%
20,277CityArlington
40%
6,400CityBrier
40%
2,241CDPCathcart
40%
1,470TownDarrington
40%
11,458CDPMaltby
40%
21,751CityMountlake Terrace
40%
17CDPSilvana
40%
1,297CityWoodway
40%
2,774CDPArlington Heights
20%
13,437CDPBothell East
20%
20,180CDPBothell West
20%
5,582CDPCavalero
20%
3,621CDPClearview
20%
23,088CDPEastmont
20%
4,422CDPEsperance
20%
5,002CityGranite Falls
20%
2,935CDPHigh Bridge
20%
5,019CDPLake Goodwin
20%
1,373CDPLake Ketchum
20%
14,733CDPLake Stickney
20%
4,030CDPLarch Way
20%
2,937CDPLochsloy
20%
22,251CDPMartha Lake
20%
3,065CDPMeadowdale
20%
25,528CDPMill Creek East
20%
1,796CDPMonroe North
20%
24,562CDPNorth Lynnwood
20%
108CDPNorth Marysville
20%
242CDPNorth Sultan
20%
85CDPNorthwest Stanwood
20%
274CDPOso
20%
9,755CDPPicnic Point
20%
22,122CDPSilver Firs
20%
3,313CDPWarm Beach
20%
2,074CDPBryant
0%
3,622CDPBunk Foss
0%
3,373CDPCanyon Creek
0%
4,923CDPChain Lake
0%
2,798CDPFobes Hill
0%
1,468CDPKayak Point
0%
980CDPLake Bosworth
0%
2,774CDPLake Cassidy
0%
835CDPLake Roesiger
0%
1,239CDPMachias
0%
747CDPMay Creek
0%
3,257CDPSisco Heights
0%
845CDPSunday Lake
0%
1,180CDPSwede Heaven
0%
3,489CDPThree Lakes
0%
522CDPVerlot
0%
6,226CDPWoods Creek
0%

Score Distribution

Percentile by Number Answered

Percent of People with Each Score

Your Score History

You have not taken this quiz